000 00320nam a22001457a 4500
008 210311b ||||| |||| 00| 0 eng d
020 _a9780130338402
041 _aeng
080 _29th
_a510
082 _29th
_a510
100 _a36
101 _aMAT
245 _aFinite Mathematics
_c Barnett,A.R
942 _2udc
_cBK
999 _c56295
_d56295